000 00322nam a2200133Ia 4500
008 240624s9999 xx 000 0 und d
041 _aeng
082 _a650.1 HIL
100 _aHILL NAPOLEON
245 _aLAW OF SUCCESS
260 _c2002
_aBangalore
_bMaster Mind Books
300 _axiii, : 610 : cm. ; 21
365 _cRS
999 _c2326
_d2326